[Event "Doeberl Cup"]
[Site "Canberra AUS"]
[Date "2010.04.02"]
[Round "4"]
[White "Boyd, T."]
[Black "Stojic, S."]
[Result "1/2-1/2"]
[WhiteElo "2279"]
[BlackElo "2016"]
[PlyCount "77"]
[EventDate "2010.04.01"]
[EventType "swiss"]
[EventRounds "9"]
[EventCountry "AUS"]
[Source "Mark Crowther"]
[SourceDate "2010.04.05"]

1. d4 Nf6 2. c4 g6 3. Nc3 Bg7 4. e4 d6 5. f3 O-O 6. Bg5 Na6 7. Qd2 c5 8. d5 e6
9. Nge2 exd5 10. cxd5 h6 11. Be3 Nc7 12. Ng3 Kh7 13. Be2 Rb8 14. O-O b5 15. a3
a5 16. a4 bxa4 17. Rxa4 Rb4 18. Rfa1 Rxa4 19. Rxa4 Na6 20. Bxa6 Bxa6 21. Nd1
Nd7 22. Rxa5 Bb7 23. Ra1 Ne5 24. Qe2 Qb6 25. f4 Nd7 26. Nc3 Rb8 27. e5 dxe5 28.
f5 Ra8 29. Rd1 Ba6 30. Qf2 Rb8 31. fxg6+ fxg6 32. Nce4 Qb3 33. Qd2 c4 34. Ra1
Bc8 35. Nd6 Nf6 36. Nxc8 Rxc8 37. Ra3 Qb5 38. Ra5 Qb3 39. Ra3 1/2-1/2

[Event "Doeberl Cup"]
[Site "Canberra AUS"]
[Date "2010.04.02"]
[Round "4"]
[White "Cheng, Bo"]
[Black "McNamara, G."]
[Result "1-0"]
[WhiteElo "2155"]
[BlackElo "2119"]
[PlyCount "77"]
[EventDate "2010.04.01"]
[EventType "swiss"]
[EventRounds "9"]
[EventCountry "AUS"]
[Source "Mark Crowther"]
[SourceDate "2010.04.05"]

1. d4 g6 2. c4 Bg7 3. e4 c5 4. d5 d6 5. Nc3 Nf6 6. Bd3 O-O 7. h3 e6 8. Nf3 exd5
9. cxd5 Re8 10. O-O a6 11. a4 Nbd7 12. Re1 Qc7 13. Bf4 Ne5 14. Nxe5 dxe5 15.
Be3 c4 16. Bf1 Bd7 17. a5 Bb5 18. Qc2 Rec8 19. Na4 Nd7 20. Nb6 Nxb6 21. Bxb6
Qd7 22. Qc3 Bf8 23. Be2 Bd6 24. Bg4 Qe7 25. Bxc8 Rxc8 26. Qe3 Kg7 27. g3 g5 28.
Kg2 Qf6 29. Rh1 h5 30. f3 Bb4 31. Rac1 Qg6 32. h4 gxh4 33. Rxh4 Be7 34. Rhh1
Bg5 35. Qc3 Bd7 36. Qxe5+ Bf6 37. Qd6 Bg4 38. e5 Bxf3+ 39. Kf2 1-0

[Event "Doeberl Cup"]
[Site "Canberra AUS"]
[Date "2010.04.03"]
[Round "5"]
[White "Li Chao"]
[Black "Barua, D."]
[Result "1/2-1/2"]
[WhiteElo "2320"]
[BlackElo "2473"]
[PlyCount "178"]
[EventDate "2010.04.01"]
[EventType "swiss"]
[EventRounds "9"]
[EventCountry "AUS"]
[Source "Mark Crowther"]
[SourceDate "2010.04.05"]

1. e4 e6 2. d4 d5 3. Nc3 Nf6 4. e5 Nfd7 5. f4 c5 6. Nf3 Nc6 7. Be3 a6 8. Qd2 b5
9. a3 Qb6 10. g3 b4 11. Na4 Qa5 12. Nxc5 Nxc5 13. dxc5 Bxc5 14. Bxc5 Qxc5 15.
axb4 Nxb4 16. c3 Nc6 17. b4 Qb6 18. b5 Nb8 19. Qd4 Qxd4 20. Nxd4 Bb7 21. Kd2
O-O 22. Bd3 g6 23. g4 Rc8 24. Rhb1 axb5 25. Nxb5 Nd7 26. Nd6 Rxa1 27. Rxa1 Ra8
28. Rxa8+ Bxa8 29. Bb5 Nc5 30. g5 Kf8 31. Kc2 Ke7 32. Kb2 Bb7 33. Ka3 Ba6 34.
Kb4 Bxb5 35. Kxc5 Bd3 36. Kc6 Be2 37. Nc8+ Kd8 38. Nb6 Ke7 39. Kc7 Bb5 40. Nc8+
Kf8 41. Kd8 Bc6 42. Nd6 Ba4 43. c4 dxc4 44. Nxc4 Bb5 45. Nd6 Bc6 46. h4 Ba4 47.
Ne4 Bb5 48. Nf6 Ba4 49. Nxh7+ Kg7 50. Nf6 Kf8 51. Kc7 Ke7 52. Ne4 Bc2 53. Nd6
Ba4 54. Nc8+ Ke8 55. Kd6 Bb5 56. Nb6 Kd8 57. Kc5 Be2 58. Na4 Bf3 59. Nc3 Ke7
60. Nb5 Kd7 61. Nd6 Ke7 62. Kb6 Bd1 63. Kc7 Ba4 64. Ne4 Bc2 65. Nf6 Bd1 66. Kc6
Be2 67. Kc5 Bd1 68. Kd4 Bf3 69. Ke3 Bd1 70. Nh7 Bh5 71. Kf2 Bd1 72. Kg3 Be2 73.
Kg2 Bd1 74. Kf2 Bg4 75. Kg3 Bd1 76. Nf6 Be2 77. h5 gxh5 78. Kh4 Bd1 79. Nxh5
Be2 80. Ng3 Bf3 81. Nf1 Be2 82. Ne3 Kf8 83. Kg3 Bd3 84. Kf2 Kg7 85. Ke1 Kg6 86.
Kd2 Bb5 87. Kc3 Kh5 88. Kd4 Kh4 89. Kc5 Ba6 1/2-1/2

[Event "Doeberl Cup"]
[Site "Canberra AUS"]
[Date "2010.04.03"]
[Round "5"]
[White "Xie, G."]
[Black "Malaniuk, V."]
[Result "1/2-1/2"]
[WhiteElo "2439"]
[BlackElo "2563"]
[PlyCount "93"]
[EventDate "2010.04.01"]
[EventType "swiss"]
[EventRounds "9"]
[EventCountry "AUS"]
[Source "Mark Crowther"]
[SourceDate "2010.04.05"]

1. e4 e5 2. Nf3 Nc6 3. Nc3 Nf6 4. Bb5 Bb4 5. O-O O-O 6. d3 d6 7. Bg5 Bxc3 8.
bxc3 Bd7 9. Rb1 a6 10. Ba4 Rb8 11. c4 h6 12. Bh4 Ne7 13. Bb3 Ng6 14. Bg3 b6 15.
Re1 Qe7 16. c3 Nh5 17. d4 Nxg3 18. hxg3 Kh8 19. Rb2 Be6 20. Qd3 c5 21. Ba4 f5
22. dxe5 dxe5 23. exf5 Bxf5 24. Qe2 Qf7 25. Bc6 Be6 26. Be4 Bf5 27. Bd5 Be6 28.
Nxe5 Nxe5 29. Qxe5 Bxd5 30. Qxd5 Qf6 31. Qe5 Rbd8 32. Qe3 Qg6 33. Qe6 Rf6 34.
Qe7 Qd3 35. a4 a5 36. Qc7 Rdf8 37. Rxb6 Qd2 38. Ree6 Qd1+ 39. Kh2 Qh5+ 40. Kg1
Qd1+ 41. Kh2 Qh5+ 42. Kg1 Rxf2 43. Re1 R2f7 44. Qd6 Rf6 45. Qe7 R6f7 46. Qd6
Rf6 47. Qe7 1/2-1/2

[Event "Doeberl Cup"]
[Site "Canberra AUS"]
[Date "2010.04.03"]
[Round "5"]
[White "Panchanathan, M."]
[Black "Rej, T."]
[Result "1-0"]
[WhiteElo "2493"]
[BlackElo "2347"]
[PlyCount "163"]
[EventDate "2010.04.01"]
[EventType "swiss"]
[EventRounds "9"]
[EventCountry "AUS"]
[Source "Mark Crowther"]
[SourceDate "2010.04.05"]

1. e4 e5 2. Nf3 Nc6 3. Bb5 a6 4. Ba4 Nf6 5. O-O Be7 6. Re1 b5 7. Bb3 d6 8. c3
O-O 9. d4 Bg4 10. Be3 Na5 11. Bc2 Nc4 12. Bc1 c6 13. h3 Bxf3 14. Qxf3 Qc7 15.
a4 Nb6 16. Nd2 c5 17. d5 Rfb8 18. a5 Nbd7 19. b3 Ne8 20. Nf1 Qd8 21. Ne3 g6 22.
Ng4 Nef6 23. Nh6+ Kg7 24. g4 Qe8 25. Kg2 Ng8 26. Nxg8 Qxg8 27. g5 Kf8 28. h4
Ke8 29. Qh3 Kd8 30. Bd1 Kc7 31. Bg4 Rd8 32. Kf1 Bf8 33. b4 c4 34. Be3 Rab8 35.
Ke2 Bg7 36. Rh1 Qf8 37. h5 Qg8 38. Rag1 Qf8 39. Rg3 Qe7 40. Rf3 Ra8 41. Kd2
Rab8 42. Kc2 Ra8 43. Qg3 Rg8 44. Rh4 Kb7 45. Qh3 Rad8 46. Rg3 Ka8 47. Rg1 Kb7
48. Rh1 Ka8 49. Kd1 Kb7 50. Ke2 Ka8 51. hxg6 hxg6 52. Rh7 Nf8 53. Rh4 Nd7 54.
Qf3 Kb7 55. Rh7 Ka8 56. R1h3 Kb7 57. Bd2 Ka8 58. Rh1 Nb8 59. R1h4 Nd7 60. Qe3
Rb8 61. Rh1 Nf8 62. R7h3 Nd7 63. Rh4 Nf8 64. Qh3 Qc7 65. Be3 Qd8 66. Rg1 Kb7
67. Bb6 Qe7 68. Qe3 Ra8 69. Rgh1 Nd7 70. Rh7 Nf8 71. R7h4 Nd7 72. R1h3 Nf8 73.
Rf3 Nd7 74. Rh7 Kb8 75. Bd8 Qe8 76. Bxd7 Qxd7 77. Bf6 Bf8 78. Bxe5 dxe5 79.
Qb6+ Kc8 80. Rfxf7 Qg4+ 81. Kd2 Qxg5+ 82. Kc2 1-0

[Event "Doeberl Cup"]
[Site "Canberra AUS"]
[Date "2010.04.03"]
[Round "5"]
[White "Lane, G."]
[Black "Smerdon, D."]
[Result "0-1"]
[WhiteElo "2379"]
[BlackElo "2502"]
[PlyCount "94"]
[EventDate "2010.04.01"]
[EventType "swiss"]
[EventRounds "9"]
[EventCountry "AUS"]
[Source "Mark Crowther"]
[SourceDate "2010.04.05"]

1. e4 d5 2. exd5 Nf6 3. Nf3 Bg4 4. h3 Bxf3 5. Qxf3 Qxd5 6. Qxd5 Nxd5 7. d4 e6
8. Be2 Nd7 9. O-O c6 10. Re1 Be7 11. Nd2 O-O 12. Ne4 Rfd8 13. Bd2 a5 14. c4 Nb4
15. Rec1 Nf6 16. Nxf6+ Bxf6 17. a3 Bxd4 18. Bg5 f6 19. axb4 Bxb2 20. Rxa5 Rxa5
21. bxa5 fxg5 22. Rd1 Rxd1+ 23. Bxd1 Bc3 24. a6 bxa6 25. Bf3 Kf7 26. Bxc6 Ke7
27. c5 Bd4 28. Kf1 Bxc5 29. f3 Kd6 30. Ba4 Ke5 31. Ke2 Kf4 32. Bb3 e5 33. Bd5
Kg3 34. Kf1 a5 35. Bc6 h5 36. Be8 g4 37. hxg4 hxg4 38. Bc6 g5 39. fxg4 Kxg4 40.
Ke2 Kf4 41. Kd3 Bb6 42. Ba4 e4+ 43. Ke2 Ke5 44. Kd2 Kd4 45. Bb5 Bc7 46. Bc6
Bf4+ 47. Ke2 e3 0-1

[Event "Doeberl Cup"]
[Site "Canberra AUS"]
[Date "2010.04.03"]
[Round "5"]
[White "Sharma, Di"]
[Black "Bojkov, D."]
[Result "0-1"]
[WhiteElo "2376"]
[BlackElo "2521"]
[PlyCount "98"]
[EventDate "2010.04.01"]
[EventType "swiss"]
[EventRounds "9"]
[EventCountry "AUS"]
[Source "Mark Crowther"]
[SourceDate "2010.04.05"]

1. e4 e5 2. Nf3 Nc6 3. Bb5 a6 4. Ba4 Nf6 5. Qe2 Be7 6. c3 b5 7. Bb3 O-O 8. O-O
d6 9. Rd1 Na5 10. Bc2 c5 11. d3 Re8 12. Nbd2 Bf8 13. Nf1 h6 14. Ng3 Nc6 15. Nf5
Be6 16. h3 d5 17. g4 d4 18. Kh1 Nh7 19. Rg1 c4 20. dxc4 Bxc4 21. Bd3 Bxd3 22.
Qxd3 dxc3 23. Qxc3 Rc8 24. Qb3 Na5 25. Qe3 Rc2 26. Ne1 Bc5 27. Nxc2 Bxe3 28.
Ncxe3 Qd3 29. Ng3 Qd8 30. Rd1 Qh4 31. Kg2 Ng5 32. Rh1 Ne6 33. Nd5 g6 34. b3 Nc6
35. Be3 Ne7 36. Rhe1 Kg7 37. Rac1 Rd8 38. Red1 Nxd5 39. exd5 Nf4+ 40. Bxf4 exf4
41. Ne4 f5 42. gxf5 gxf5 43. Nd2 Kh8 44. Rh1 Qg5+ 45. Kf1 f3 46. Ke1 Qe7+ 47.
Kd1 Qe2+ 48. Kc2 Rc8+ 49. Kb1 Qd3+ 0-1

[Event "Doeberl Cup"]
[Site "Canberra AUS"]
[Date "2010.04.03"]
[Round "5"]
[White "Ly, Mo"]
[Black "Roy Chowdhury, S."]
[Result "1/2-1/2"]
[WhiteElo "2340"]
[BlackElo "2435"]
[PlyCount "70"]
[EventDate "2010.04.01"]
[EventType "swiss"]
[EventRounds "9"]
[EventCountry "AUS"]
[Source "Mark Crowther"]
[SourceDate "2010.04.05"]

1. e4 c5 2. Nf3 Nc6 3. Bb5 Qb6 4. Nc3 e6 5. Bxc6 Qxc6 6. d4 cxd4 7. Nxd4 Qc7 8.
O-O a6 9. Re1 d6 10. Bg5 Be7 11. Bxe7 Nxe7 12. Qd2 e5 13. Nde2 Be6 14. f4 exf4
15. Nxf4 O-O 16. Qd4 Nc6 17. Qf2 Ne5 18. Rad1 Rad8 19. h3 Rfe8 20. Ncd5 Qc6 21.
c3 Ng6 22. Nxg6 hxg6 23. Nb4 Qc8 24. Qd4 Qc7 25. Re2 Bc4 26. Red2 a5 27. Nd5
Qc6 28. e5 Bxa2 29. exd6 Qxd6 30. c4 Bb3 31. Rf1 f5 32. Qh4 Qc5+ 33. Rff2 Re1+
34. Kh2 Rde8 35. Qg3 Bxc4 1/2-1/2

[Event "Doeberl Cup"]
[Site "Canberra AUS"]
[Date "2010.04.03"]
[Round "5"]
[White "Sandler, L."]
[Black "Zhao Zong Yuan"]
[Result "1/2-1/2"]
[WhiteElo "2332"]
[BlackElo "2580"]
[PlyCount "71"]
[EventDate "2010.04.01"]
[EventType "swiss"]
[EventRounds "9"]
[EventCountry "AUS"]
[Source "Mark Crowther"]
[SourceDate "2010.04.05"]

1. Nf3 c5 2. c4 Nf6 3. g3 d5 4. cxd5 Nxd5 5. Bg2 Nc6 6. Nc3 Nc7 7. O-O e5 8. d3
Be7 9. Nd2 Bd7 10. Nc4 f6 11. Be3 O-O 12. f4 b5 13. Nd2 Rb8 14. Rc1 Ne6 15. Kh1
exf4 16. gxf4 f5 17. Nd5 Bd6 18. Nb3 Ncd4 19. Nxc5 Bxc5 20. Rxc5 Nxc5 21. Bxd4
Rc8 22. b4 Na4 23. Bxa7 Be6 24. e4 Bxd5 25. exd5 Qf6 26. Qe1 Rfe8 27. Qf2 Qc3
28. d6 Qxd3 29. Bd4 Rcd8 30. Bd5+ Kf8 31. Qg1 g6 32. Rd1 Qe2 33. Bc5 Kg7 34.
Bd4+ Kf8 35. Bc5 Kg7 36. Bd4+ 1/2-1/2

[Event "Doeberl Cup"]
[Site "Canberra AUS"]
[Date "2010.04.03"]
[Round "5"]
[White "Stojic, D."]
[Black "Macak, S."]
[Result "0-1"]
[WhiteElo "2176"]
[BlackElo "2472"]
[PlyCount "94"]
[EventDate "2010.04.01"]
[EventType "swiss"]
[EventRounds "9"]
[EventCountry "AUS"]
[Source "Mark Crowther"]
[SourceDate "2010.04.05"]

1. e4 e6 2. d4 d5 3. e5 c5 4. c3 Qb6 5. Nf3 Nc6 6. a3 c4 7. Nbd2 Na5 8. g3 Bd7
9. h4 Ne7 10. Bh3 h6 11. O-O O-O-O 12. Rb1 Kb8 13. Ne1 Nc8 14. Ng2 Qc7 15. h5
Nb6 16. Nf3 Be7 17. Nfh4 Rhg8 18. Bg4 g5 19. Nf3 Nc6 20. Re1 Rde8 21. Nh2 f5
22. exf6 Bxf6 23. f4 gxf4 24. Bxf4 e5 25. dxe5 Bxe5 26. Bxd7 Nxd7 27. Qxd5 Bxf4
28. Rxe8+ Rxe8 29. Nxf4 Nde5 30. Qd2 Rg8 31. Kg2 Nd3 32. Rf1 Nce5 33. Nxd3 Nxd3
34. Qe3 Qc6+ 35. Qf3 Qe6 36. Kh1 a6 37. b3 Ne5 38. Qf4 cxb3 39. Re1 Rg5 40. g4
Qc6+ 41. Kg1 Qb6+ 42. Kh1 b2 43. Rb1 Ka7 44. Nf3 Qc6 45. Rxb2 Qxf3+ 46. Qxf3
Nxf3 47. Rf2 Ne5 0-1

[Event "Doeberl Cup"]
[Site "Canberra AUS"]
[Date "2010.04.03"]
[Round "5"]
[White "Schon, E."]
[Black "Johansen, D."]
[Result "1-0"]
[WhiteElo "2162"]
[BlackElo "2477"]
[PlyCount "61"]
[EventDate "2010.04.01"]
[EventType "swiss"]
[EventRounds "9"]
[EventCountry "AUS"]
[Source "Mark Crowther"]
[SourceDate "2010.04.05"]

1. e4 c5 2. Nf3 e6 3. d4 cxd4 4. Nxd4 Nf6 5. Nc3 d6 6. Be3 a6 7. g4 e5 8. Nf5
g6 9. g5 gxf5 10. exf5 d5 11. Qf3 Ne4 12. Nxe4 dxe4 13. Qxe4 Nc6 14. Bc4 Qd7
15. g6 hxg6 16. fxg6 f5 17. Bf7+ Kd8 18. Qg2 Kc7 19. g7 Bxg7 20. Qxg7 f4 21.
Rd1 Qg4 22. Bg6+ Bd7 23. Rxd7+ Qxd7 24. Bb6+ Kd6 25. Qf6+ Kd5 26. Bf7+ Ke4 27.
f3+ Kxf3 28. Rf1+ Kg2 29. Qg6+ Kxh2 30. Qg1+ Kh3 31. Rf3+ 1-0

[Event "Doeberl Cup"]
[Site "Canberra AUS"]
[Date "2010.04.03"]
[Round "5"]
[White "Wei, M."]
[Black "Toth, And1"]
[Result "0-1"]
[WhiteElo "2113"]
[BlackElo "2385"]
[PlyCount "80"]
[EventDate "2010.04.01"]
[EventType "swiss"]
[EventRounds "9"]
[EventCountry "AUS"]
[Source "Mark Crowther"]
[SourceDate "2010.04.05"]

1. e4 c5 2. Nf3 d6 3. d4 cxd4 4. Nxd4 Nf6 5. Nc3 a6 6. Bc4 e6 7. Bb3 b5 8. Qf3
Qc7 9. Bg5 Be7 10. O-O-O Nbd7 11. Rhe1 O-O 12. Qg3 Nc5 13. Bh6 Ne8 14. Bg5 Bb7
15. Bxe7 Qxe7 16. a3 Nf6 17. e5 Nxb3+ 18. Nxb3 dxe5 19. Qxe5 Rfd8 20. Na5 Bxg2
21. Rg1 Rxd1+ 22. Nxd1 Be4 23. Nc3 Bg6 24. Rd1 Rc8 25. Qd6 Qxd6 26. Rxd6 h5 27.
f3 Rc5 28. Rxa6 Rg5 29. Rb6 Rg2 30. Rxb5 Rxh2 31. Nc4 Rxc2+ 32. Kd1 h4 33. Ne3
h3 34. Nxc2 h2 35. Ne1 h1=Q 36. a4 Qg1 37. a5 Qd4+ 38. Ke2 Nd5 39. Rb8+ Kh7 40.
Nxd5 Qe5+ 0-1

[Event "Doeberl Cup"]
[Site "Canberra AUS"]
[Date "2010.04.03"]
[Round "5"]
[White "Broekhuyse, P."]
[Black "Lahiri, A."]
[Result "0-1"]
[WhiteElo "2103"]
[BlackElo "2361"]
[PlyCount "78"]
[EventDate "2010.04.01"]
[EventType "swiss"]
[EventRounds "9"]
[EventCountry "AUS"]
[Source "Mark Crowther"]
[SourceDate "2010.04.05"]

1. c4 g6 2. Nc3 Bg7 3. Nf3 d6 4. g3 e5 5. Bg2 f5 6. d3 Nf6 7. O-O O-O 8. Bd2
Nc6 9. Rb1 a5 10. a3 h6 11. b4 axb4 12. axb4 Be6 13. b5 Ne7 14. Ne1 Rb8 15. Nc2
Qd7 16. Nb4 f4 17. Nbd5 Nexd5 18. Nxd5 Nh5 19. Ba5 b6 20. Bc3 Rf7 21. Ra1 Rbf8
22. Ra7 Qc8 23. Qa4 Bh3 24. Qa6 Qf5 25. Ra8 fxg3 26. hxg3 Bxg2 27. Kxg2 Nxg3
28. Kxg3 Qg5+ 29. Kh3 Qh5+ 30. Kg3 Qxe2 31. Qa1 Qf3+ 32. Kh2 Qh5+ 33. Kg1 Qg4+
34. Kh2 Rf3 35. Rxf8+ Bxf8 36. Nf6+ Rxf6 37. f3 Rxf3 38. Rxf3 Qxf3 39. Qb1 Be7
0-1

[Event "Doeberl Cup"]
[Site "Canberra AUS"]
[Date "2010.04.03"]
[Round "5"]
[White "Nakauchi, G."]
[Black "Boyd, T."]
[Result "0-1"]
[WhiteElo "2102"]
[BlackElo "2279"]
[PlyCount "168"]
[EventDate "2010.04.01"]
[EventType "swiss"]
[EventRounds "9"]
[EventCountry "AUS"]
[Source "Mark Crowther"]
[SourceDate "2010.04.05"]

1. d4 Nf6 2. c4 g6 3. g3 Bg7 4. Bg2 O-O 5. Nf3 d6 6. O-O Nbd7 7. Nc3 e5 8. e4
a6 9. Re1 exd4 10. Nxd4 Ng4 11. Qxg4 Bxd4 12. Bh6 Ne5 13. Qe2 Ng4 14. Bxf8
Bxf2+ 15. Kh1 Bxe1 16. Rxe1 Kxf8 17. h3 Ne5 18. Rf1 Be6 19. b3 Kg8 20. Qe3 Qf8
21. g4 h6 22. g5 h5 23. Ne2 Qe7 24. Nd4 Re8 25. Qg3 c6 26. Nf5 gxf5 27. exf5
Bxf5 28. Rxf5 Ng6 29. Rf6 Qe5 30. Kh2 h4 31. Qxe5 Rxe5 32. Rxd6 Re2 33. Kg1
Rxa2 34. Rd8+ Kg7 35. Rb8 Nf4 36. Bf1 b5 37. Rb6 bxc4 38. bxc4 c5 39. Rc6 Ne6
40. Bg2 Ra5 41. g6 Kxg6 42. Bd5 Kf5 43. Rc8 Nf4 44. Bxf7 Nxh3+ 45. Kh2 Ng5 46.
Bd5 Kg4 47. Rb8 Ra2+ 48. Kh1 a5 49. Bc6 a4 50. Rd8 Ra1+ 51. Kh2 a3 52. Rd3 Rc1
53. Rxa3 Rxc4 54. Ra2 Nf3+ 55. Kg2 Nd4 56. Bd7+ Kg5 57. Ra8 Rc2+ 58. Kf1 Rc1+
59. Kg2 Rc2+ 60. Kf1 Nf3 61. Rf8 Nd4 62. Rg8+ Kf4 63. Rf8+ Ke3 64. Re8+ Kf4 65.
Rf8+ Ke3 66. Re8+ Kd2 67. Rh8 Rc1+ 68. Kg2 Re1 69. Rc8 Re7 70. Bg4 Re3 71. Bd7
Rc3 72. Rh8 Nf3 73. Bc6 h3+ 74. Rxh3 Ne1+ 75. Kh2 Rxh3+ 76. Kxh3 c4 77. Ba4 c3
78. Kg3 Nd3 79. Kf3 Nc5 80. Bc2 Kxc2 81. Ke2 Kb2 82. Ke3 c2 83. Kd4 Ne6+ 84.
Ke5 c1=Q 0-1

[Event "Doeberl Cup"]
[Site "Canberra AUS"]
[Date "2010.04.03"]
[Round "5"]
[White "Ikeda, J."]
[Black "Wright, N."]
[Result "1-0"]
[WhiteElo "2275"]
[BlackElo "2185"]
[PlyCount "82"]
[EventDate "2010.04.01"]
[EventType "swiss"]
[EventRounds "9"]
[EventCountry "AUS"]
[Source "Mark Crowther"]
[SourceDate "2010.04.05"]

1. d4 Nf6 2. Nf3 g6 3. c4 Bg7 4. Nc3 d5 5. Bg5 Ne4 6. Bf4 Nxc3 7. bxc3 c5 8. e3
cxd4 9. cxd4 Nc6 10. Qd2 O-O 11. Rc1 Bg4 12. cxd5 Bxf3 13. gxf3 Qxd5 14. Bg2
Rad8 15. Rc5 Qd7 16. Bg3 Nxd4 17. exd4 Bxd4 18. Rc1 Qb5 19. Qe2 Qb4+ 20. Kf1
Bb6 21. h4 Rd2 22. Qe1 Rfd8 23. Kg1 Qb2 24. Rb1 Qxa2 25. Ra1 Qb2 26. Rb1 Qd4
27. h5 Qd3 28. Qe4 Qxb1+ 29. Qxb1 Rd1+ 30. Kh2 Rxb1 31. Rxb1 gxh5 32. Re1 e6
33. Re5 Bd4 34. Rg5+ Kf8 35. Rxh5 Rd5 36. Rxh7 a5 37. f4 Rb5 38. f5 e5 39. f6
Ke8 40. Bh3 Kd8 41. Rxf7 Rb6 1-0

[Event "Doeberl Cup"]
[Site "Canberra AUS"]
[Date "2010.04.03"]
[Round "5"]
[White "Stevens, T."]
[Black "Steadman, M."]
[Result "0-1"]
[WhiteElo "2032"]
[BlackElo "2261"]
[PlyCount "56"]
[EventDate "2010.04.01"]
[EventType "swiss"]
[EventRounds "9"]
[EventCountry "AUS"]
[Source "Mark Crowther"]
[SourceDate "2010.04.05"]

1. e4 e6 2. d4 d5 3. e5 c5 4. c3 Nc6 5. Nf3 Nh6 6. Bd3 f6 7. O-O cxd4 8. cxd4
fxe5 9. dxe5 Nf7 10. Nc3 a6 11. Re1 g5 12. Qa4 Bg7 13. h4 Bd7 14. Bxg5 Ncxe5
15. Qd1 Qb6 16. Nxd5 exd5 17. Bf4 O-O 18. Bxe5 Nxe5 19. Bxh7+ Kxh7 20. Ng5+ Kg6
21. Re2 Bg4 22. Qc2+ Bf5 23. Qd2 d4 24. Rae1 d3 25. Re3 Nc4 26. Re6+ Bxe6 27.
Qxd3+ Bf5 28. Qxc4 Qxf2+ 0-1

[Event "Doeberl Cup"]
[Site "Canberra AUS"]
[Date "2010.04.03"]
[Round "5"]
[White "Goundar, S."]
[Black "Morris, J."]
[Result "0-1"]
[WhiteElo "1886"]
[BlackElo "2127"]
[PlyCount "82"]
[EventDate "2010.04.01"]
[EventType "swiss"]
[EventRounds "9"]
[EventCountry "AUS"]
[Source "Mark Crowther"]
[SourceDate "2010.04.05"]

1. d4 g6 2. c4 Bg7 3. Nc3 c5 4. e3 Nf6 5. Nf3 cxd4 6. exd4 d5 7. cxd5 Nxd5 8.
Bb5+ Nc6 9. O-O O-O 10. h3 Be6 11. Bxc6 bxc6 12. Re1 Nxc3 13. bxc3 c5 14. Be3
Qa5 15. dxc5 Bxc3 16. Bd2 Rac8 17. Rc1 Bxd2 18. Qxd2 Rxc5 19. Rxc5 Qxc5 20. Qh6
Qc3 21. Kh2 Qg7 22. Qe3 a5 23. Qa3 Ra8 24. Ng5 Bd5 25. Rxe7 Qf6 26. Qe3 Be6 27.
Rc7 Bxa2 28. Qc5 a4 29. Ne4 Qf4+ 30. Ng3 Be6 31. Qc6 Rd8 32. Qb6 a3 33. Ra7 Rb8
34. Qc5 a2 35. Ra3 Qb4 36. Qe5 Qxa3 37. Qxb8+ Qf8 38. Qe5 Qa8 39. Qa1 Qb8 40.
Qf6 h5 41. h4 Qb1 0-1

[Event "Doeberl Cup"]
[Site "Canberra AUS"]
[Date "2010.04.03"]
[Round "5"]
[White "Stojic, S."]
[Black "Dragicevic, Do"]
[Result "1-0"]
[WhiteElo "2016"]
[BlackElo "2251"]
[PlyCount "70"]
[EventDate "2010.04.01"]
[EventType "swiss"]
[EventRounds "9"]
[EventCountry "AUS"]
[Source "Mark Crowther"]
[SourceDate "2010.04.05"]

1. e4 c5 2. Nf3 d6 3. d4 cxd4 4. Nxd4 Nf6 5. Nc3 Nc6 6. Bc4 Qb6 7. Nb3 e6 8.
Be3 Qc7 9. Qe2 a6 10. O-O-O b5 11. Bd3 Bb7 12. f4 Rc8 13. g4 Na5 14. Rhg1 Nd7
15. Kb1 Nxb3 16. axb3 Nc5 17. f5 Nxd3 18. Qxd3 Qc6 19. fxe6 fxe6 20. e5 dxe5
21. Bg5 b4 22. Rgf1 Be7 23. Bxe7 Kxe7 24. Qe3 Qc7 25. Qg5+ Ke8 26. Qh5+ g6 27.
Qg5 Rg8 28. Rf6 Rg7 29. Rxe6+ Re7 30. Qf6 Rxe6 31. Qxe6+ Qe7 32. Qg8+ Qf8 33.
Qxh7 Bc6 34. Ne4 Qf3 35. Nd6+ Kd8 1-0